Sicilia (Record no. 4573)

MARC details
000 -CABECERA
campo de control de longitud fija 00929nam a2200265 a 4500
001 - NÚMERO DE CONTROL
campo de control BRCA_4879
005 - FECHA Y HORA DE LA ÚLTIMA TRANSACCIÓN
campo de control 20190320204837.0
008 - DATOS DE LONGITUD FIJA--INFORMACIÓN GENERAL
campo de control de longitud fija 141010c1971----it-ao#####---#000-0#ita-#
041 ## - CÓDIGO DE LENGUA
Código de lengua del texto/banda sonora o título independiente ita
044 ## - CÓDIGO DEL PAÍS DE LA ENTIDAD EDITORA/PRODUCTORA
Código MARC del país it
050 #4 - SIGNATURA TOPOGRÁFICA DE LA BIBLIOTECA DEL CONGRESO
Número de clasificación PG7297
Número de documento/Ítem .S53 1971
245 10 - MENCIÓN DE TÍTULO
Título Sicilia
Mención de responsabilidad, etc. a cura di Andrea Caizzi ... [et al.] ; presentazione Dell´on Ugo la Malfa.
260 ## - PUBLICACIÓN, DISTRIBUCIÓN, ETC.
Lugar de publicación, distribución, etc. Italia
Nombre del editor, distribuidor, etc. Electa
Fecha de publicación, distribución, etc. 1971
300 ## - DESCRIPCIÓN FÍSICA
Extensión 449 p.
Otras características físicas il. (algunas a color), 427 láminas
Dimensiones 31 cm.
440 #0 - MENCIÓN DE SERIE/PUNTO DE ACCESO ADICIONAL--TÍTULO
Título Banca Nacionale del Laboro
9 (RLIN) 12356
500 ## - NOTA GENERAL
Nota general Colección Sonia Corcuera de Mancera
500 ## - NOTA GENERAL
Nota general Incluye índice de ilustraciones, índice analítico y referencias fotográficas
504 ## - NOTA DE BIBLIOGRAFÍA, ETC.
Nota de bibliografía, etc. Bibliografía : p. 421-424
650 14 - PUNTO DE ACCESO ADICIONAL DE MATERIA--TÉRMINO DE MATERIA
Término de materia o nombre geográfico como elemento de entrada Sicilia
Término indicativo de función/relación arte e historia
Subdivisión geográfica Italia
9 (RLIN) 12357
651 #4 - PUNTO DE ACCESO ADICIONAL DE MATERIA--NOMBRE GEOGRÁFICO
Nombre geográfico Sicilia
Subdivisión de forma Catálogos
Subdivisión general Arquitectura religiosa
Subdivisión geográfica Italia
9 (RLIN) 12358
700 1# - PUNTO DE ACCESO ADICIONAL--NOMBRE DE PERSONA
Nombre de persona la Malfa, Ugo
9 (RLIN) 12359
700 1# - PUNTO DE ACCESO ADICIONAL--NOMBRE DE PERSONA
Nombre de persona Caizzi, Andrea
9 (RLIN) 12279
902 ## - CATALOGADOR
Iniciales DSC
942 ## - ELEMENTOS DE PUNTO DE ACCESO ADICIONAL (KOHA)
Fuente del sistema de clasificación o colocación Library of Congress Classification
Tipo de ítem Koha Libros
Holdings
Estado de retiro Estado de pérdida Estado dañado No para préstamo Localización permanente Ubicación/localización actual Fecha de adquisición Total de préstamos Signatura topográfica completa Código de barras Fecha visto por última vez Precio válido a partir de Tipo de ítem Koha
El ejemplar forma parte de la colección y puede ser consultado según las políticas vigentes.       Biblioteca del Museo Franz Mayer (Rogerio Casas-Alatriste) Biblioteca del Museo Franz Mayer (Rogerio Casas-Alatriste) 14/10/2010   PG7297 .S53 1971 REF00396 22/03/2019 22/03/2019 Libros